El derecho de guerra contemporáneo : reflexiones desde el pensamiento de Francisco de Vitoria /
Desarrollo teórico de la guerra justa con la finalidad de proporcionar los elementos jurídicos de derecho internacional público para calificar el acto bélico, y que el autor fundamenta desde el pensamiento de Francisco de Vitoria (1483-1546), fraile español de la Orden de los Predicadores, conocidos...
I tiakina i:
| Kaituhi matua: | |
|---|---|
| Ētahi atu kaituhi: | |
| Hōputu: | Pukapuka |
| Reo: | Pāniora |
| I whakaputaina: |
Guadalajara, México :
ITESO : Universidad Panamericana, Campus Guadalajara,
2013, c2013
|
| Ngā marau: | |
| Ngā Tūtohu: |
Kāore He Tūtohu, Me noho koe te mea tuatahi ki te tūtohu i tēnei pūkete!
|
MARC
| LEADER | 00000nam^a2200000^a^4500 | ||
|---|---|---|---|
| 001 | 000338858 | ||
| 005 | 20250521000000.0 | ||
| 009 | 20260310114409.878 | ||
| 020 | |a 978-607-7808-82-4 | ||
| 020 | |a 978-607-7905-08-0 | ||
| 037 | |a Acervo ITESO - Biblioteca | ||
| 041 | |a ESP | ||
| 082 | |a 341. 6 |b GAT | ||
| 100 | |a Gatt Corona, Guillermo Alejandro |e (autor) | ||
| 245 | 1 | 3 | |a El derecho de guerra contemporáneo : |b reflexiones desde el pensamiento de Francisco de Vitoria / |c G.A. Gatt Corona ; pról. de H.S. Ramírez García. |
| 264 | 4 | |a Guadalajara, México : |b ITESO : |b Universidad Panamericana, Campus Guadalajara, |c 2013, c2013 | |
| 300 | |a 470 p. | ||
| 336 | |a texto |b txt |2 rdacontenido | ||
| 337 | |a sin mediación |b n |2 rdamedio | ||
| 338 | |a volumen |b nc |2 rdasoporte | ||
| 520 | |a Desarrollo teórico de la guerra justa con la finalidad de proporcionar los elementos jurídicos de derecho internacional público para calificar el acto bélico, y que el autor fundamenta desde el pensamiento de Francisco de Vitoria (1483-1546), fraile español de la Orden de los Predicadores, conocidos también como dominicos. | ||
| 649 | |a XX | ||
| 650 | |a Juristas Españoles | ||
| 650 | |a Teólogos Españoles | ||
| 650 | |a Dominicos Españoles | ||
| 650 | |a Guerra Justa - |x Teoría | ||
| 650 | |a Guerra y Religión | ||
| 650 | |a Guerra y Paz - |x Aspectos Jurídicos - |x Tema Principal | ||
| 650 | |a Derecho Internacional Público | ||
| 650 | |a Vitoria, Francisco de - |x Tema Principal | ||
| 700 | |a Ramírez García, Hugo Saúl |e (prólogo) | ||
| 910 | |a Fondo General | ||
| 920 | |a Impresos - Libros | ||
| 930 | |a Colección General | ||
| 905 | |a 101 | ||
| 901 | |a 0500228716 |b IT1 |c ACC |i D62417 |u 20250521 | ||
| 901 | |a 0500228713 |b IT1 |c ACC |i D62418 |u 20250521 | ||
| 902 | |a https://opac.biblio.iteso.mx/vufind/Record/000338858 | ||